000 00735nam a2200241 a 4500
008
020 _a0070072507 (cased)
049 _aMAIN
090 0 0 _aQA76.9.D3
100 1 _aBrathwaite, Ken S.
245 1 0 _aSystems design in a database environment /
_cKenneth S. Brathwaite.
260 _aNew York :
_bIntertext Publications,
_cc1989.
300 _axvi, 308 p. :
_bill. ;
_c24 cm.
440 0 _aJ. Ranade IBM series.
504 _aIncludes bibliographical references : p. 297-299.
650 0 _aDatabase design.
650 0 _aSystem design.
907 _a.b10090058
_b26-04-08
_c30-09-03
003
005 20230123133430.0
040 _cNUST
942 _cBOOKS
_kQA76.9.D3
999 _c148496
_d148496